<?xml version="1.0" encoding="UTF-8"?>
<record
    xmlns:xsi="http://www.w3.org/2001/XMLSchema-instance"
    xsi:schemaLocation="http://www.loc.gov/MARC21/slim http://www.loc.gov/standards/marcxml/schema/MARC21slim.xsd"
    xmlns="http://www.loc.gov/MARC21/slim">

  <leader>01162nam a22002537a 4500</leader>
  <controlfield tag="005">20140505123505.0</controlfield>
  <datafield tag="010" ind1=" " ind2=" ">
    <subfield code="a">ENG-109682</subfield>
  </datafield>
  <datafield tag="020" ind1=" " ind2=" ">
    <subfield code="a">9789339204389</subfield>
    <subfield code="c">450.00</subfield>
  </datafield>
  <datafield tag="020" ind1=" " ind2=" ">
    <subfield code="a">9339204387</subfield>
    <subfield code="c">450.00</subfield>
  </datafield>
  <datafield tag="035" ind1=" " ind2=" ">
    <subfield code="a">EN-93215</subfield>
  </datafield>
  <datafield tag="037" ind1=" " ind2=" ">
    <subfield code="b">DBAD/PUB</subfield>
  </datafield>
  <datafield tag="082" ind1=" " ind2=" ">
    <subfield code="a">658.314</subfield>
  </datafield>
  <datafield tag="100" ind1=" " ind2=" ">
    <subfield code="a">Marciano, Paul L.</subfield>
  </datafield>
  <datafield tag="245" ind1="0" ind2="0">
    <subfield code="a">Carrots and sticks don't work :</subfield>
    <subfield code="c">by Paul L. Marciano</subfield>
    <subfield code="b">build a culture of employee engagement with the principles of respect /</subfield>
  </datafield>
  <datafield tag="260" ind1=" " ind2=" ">
    <subfield code="a">New Delhi</subfield>
    <subfield code="b">McGraw Hill Education </subfield>
    <subfield code="c">2014</subfield>
  </datafield>
  <datafield tag="270" ind1=" " ind2=" ">
    <subfield code="a">P-24, Green Park Extn.</subfield>
    <subfield code="b">New Delhi</subfield>
    <subfield code="e">110016</subfield>
  </datafield>
  <datafield tag="300" ind1=" " ind2=" ">
    <subfield code="a">xxviii,227p.</subfield>
    <subfield code="c">22cm(pbk)</subfield>
  </datafield>
  <datafield tag="500" ind1=" " ind2=" ">
    <subfield code="a"> Includes bibliographical references and index.</subfield>
  </datafield>
  <datafield tag="505" ind1=" " ind2=" ">
    <subfield code="a"> The workplace "carrot-on-a-stick" -- Reward and recognition programs don&#x2019;t work -- Employee engagement -- The RESPECT model : building a culture of employee engagement -- Recognition -- Empowerment -- Supportive feedback -- Partnering -- Expectation -- Consideration -- Trust -- Implementing the RESPECT model.</subfield>
  </datafield>
  <datafield tag="650" ind1=" " ind2=" ">
    <subfield code="a"> Employee motivation.</subfield>
  </datafield>
  <datafield tag="650" ind1=" " ind2=" ">
    <subfield code="a">Employees </subfield>
    <subfield code="x">Attitudes.</subfield>
  </datafield>
  <datafield tag="650" ind1=" " ind2=" ">
    <subfield code="a"> Organizational commitment.</subfield>
  </datafield>
  <datafield tag="942" ind1=" " ind2=" ">
    <subfield code="2">ddc</subfield>
    <subfield code="c">EN</subfield>
    <subfield code="m">MAR</subfield>
    <subfield code="h">658.314</subfield>
  </datafield>
  <datafield tag="999" ind1=" " ind2=" ">
    <subfield code="c">83363</subfield>
    <subfield code="d">83363</subfield>
  </datafield>
  <datafield tag="952" ind1=" " ind2=" ">
    <subfield code="0">0</subfield>
    <subfield code="1">0</subfield>
    <subfield code="4">0</subfield>
    <subfield code="7">1</subfield>
    <subfield code="8">NFIC</subfield>
    <subfield code="a">DBAD</subfield>
    <subfield code="b">DBAD</subfield>
    <subfield code="d">2014-04-11</subfield>
    <subfield code="e">DBAD/PUB</subfield>
    <subfield code="g">450.00</subfield>
    <subfield code="l">0</subfield>
    <subfield code="o">658.314 MAR</subfield>
    <subfield code="p">EN-93215</subfield>
    <subfield code="r">2014-04-11 00:00:00</subfield>
    <subfield code="t">1</subfield>
    <subfield code="v">450.00</subfield>
    <subfield code="y">EN</subfield>
  </datafield>
</record>
